One piece : l'antagoniste principal pour chaque arc - Statistiques

Statistiques générales
  • Ce quiz a été pris 433 fois
  • Le résultat moyen est 24 sur 29
Statistiques - réponses
Lieux / Arc Antagoniste % Correct
Alabasta Crocodile
96%
Dressrossa Don Quichotte Doflamingo
96%
Wano Kuni Kaido
96%
Village Kokoyashi / Arc : (nom) Park Arlong
95%
Whole Cake Island Big Mom
95%
Thriller Bark Gecko Moria / Kuma
95%
Marineford / Guerre du sommet Sengoku / Akainu
94%
Skypeia Ener
93%
Impel Down Magellan
90%
Enies Lobby Rob Lucci
90%
Ville d'Orange Baggy
89%
Amazon Lily Boa Hancock
89%
Punk Hazard Caesar Clown
89%
Sabaody Kizaru
85%
Loguetown Smoker
85%
Water 7 Franky / CP9
82%
Baratie Don Krieg
80%
Long Ring Long Land / Davy Back Fight Foxy
80%
Zo Jack
77%
Royaume de Drum Wapol
77%
Village Sirop Capitaine Kuro
76%
Ile des Hommes Poissons Hody Jones
76%
Little Garden Mister 3
75%
Jaya Bellamy
74%
Shells town Colonel Morgan
71%
Post Enies Lobby Garp / Barbe Noire
71%
Egg Head Les 5 Doyens
70%
Whiskey Peak Igaram (Mister 8) / Mr5
61%
Village Fushia Higuma
37%
Aucun quiz correspondant
Distribution des résultats
% des personnes avec chaque résultat
Percentile par nombre de réponses
Votre historique - résultats
Vous n’avez pas pris ce quiz